000 01119nam a2200289 a 4500
001 000021010
003 OSt
005 20260321073640.0
008 100830s2009 sp 000 f spa d
020 _a9788496756601
040 _aDO-SdBNP
_bspa
_cBNPHU
082 4 _aRD863.44
_bB742mañ
_222
100 1 _aBosch, Juan,
_d1909-2001
_96286
245 1 3 _aLa mañosa /
_cestudio, notas, aparato crítico y cronología de Guillermo Piña-Contreras; editor David González Romero.
260 _aEspaña :
_bBerenice;
_bFundación Tres Culturas del Mediterráneo,
_c2009.
300 _a202 p. ;
_c21 cm.
490 _aContemporáneos :
_v27
500 _aIncluye datos biográficos del autor en la solapa de la cubierta
500 _aIncluye referencias bibliográficas y notas al pie de las páginas
590 _aInventariado, 2020/VM
600 1 0 _a Bosch, Juan,
_d1909-2001
_xCrítica e interpretación
_976555
650 4 _aCuentos dominicanos
_910011
650 4 _aLiteratura dominicana
_9216
700 1 _aGonzález, Romero, David
_eed.
_943968
910 _aValidado. Control de calidad MFF
942 _2ddc
_cLBS1
999 _c20513
_d20513